<?xml version="1.0" encoding="UTF-8"?>
<record
    xmlns:xsi="http://www.w3.org/2001/XMLSchema-instance"
    xsi:schemaLocation="http://www.loc.gov/MARC21/slim http://www.loc.gov/standards/marcxml/schema/MARC21slim.xsd"
    xmlns="http://www.loc.gov/MARC21/slim">

  <leader>00449nam a22001577a 4500</leader>
  <controlfield tag="003">LK-CoDNM</controlfield>
  <controlfield tag="005">20250926151803.0</controlfield>
  <controlfield tag="008">250926b        |||||||| |||| 00| 0 eng d</controlfield>
  <datafield tag="020" ind1=" " ind2=" ">
    <subfield code="a">9551182073</subfield>
  </datafield>
  <datafield tag="040" ind1=" " ind2=" ">
    <subfield code="a">LK-CoDNM</subfield>
    <subfield code="d">LK-CoDNM</subfield>
    <subfield code="e">LK-CoDNM</subfield>
  </datafield>
  <datafield tag="080" ind1=" " ind2=" ">
    <subfield code="a">X8C1</subfield>
    <subfield code="b">BAL</subfield>
  </datafield>
  <datafield tag="100" ind1=" " ind2=" ">
    <subfield code="a">&#xDB6;&#xDCF;&#xDBD;&#xDC3;&#xDD6;&#xDBB;&#xDD2;&#xDBA;,&#xDB4;&#xDCA;&#x200D;&#xDBB;&#xDAF;&#xDD3;&#xDB4;&#xDCA; &#xD9A;&#xDD4;&#xDB8;&#xDCF;&#xDBB;</subfield>
  </datafield>
  <datafield tag="245" ind1=" " ind2=" ">
    <subfield code="a">&#xDC3;&#xDD2;&#xDAD; &#xD9C;&#xDCF;&#xDC0; &#xDC3;&#xDD2;&#xDBB;&#xD9A;&#xDCF;&#xDBB;&#xDD3;</subfield>
  </datafield>
  <datafield tag="260" ind1=" " ind2=" ">
    <subfield code="a">colombo</subfield>
    <subfield code="b">pAWARA</subfield>
  </datafield>
  <datafield tag="942" ind1=" " ind2=" ">
    <subfield code="c">BK</subfield>
  </datafield>
  <datafield tag="952" ind1=" " ind2=" ">
    <subfield code="0">0</subfield>
    <subfield code="1">0</subfield>
    <subfield code="4">0</subfield>
    <subfield code="7">0</subfield>
    <subfield code="8">NOV</subfield>
    <subfield code="a">MAIN</subfield>
    <subfield code="b">MAIN</subfield>
    <subfield code="c">REF</subfield>
    <subfield code="d">2025-09-26</subfield>
    <subfield code="l">1</subfield>
    <subfield code="o">X8C1 BAL</subfield>
    <subfield code="p">146033</subfield>
    <subfield code="q">2025-10-10</subfield>
    <subfield code="r">2025-09-26</subfield>
    <subfield code="s">2025-09-26</subfield>
    <subfield code="w">2025-09-26</subfield>
    <subfield code="y">BK</subfield>
  </datafield>
  <datafield tag="999" ind1=" " ind2=" ">
    <subfield code="c">240289</subfield>
    <subfield code="d">240289</subfield>
  </datafield>
</record>
